Vzdelávanie v kontexte sociálnej inklúzie bakalárska práca

Salvato in:
Dettagli Bibliografici
Autore principale: Šmahelová, Jana
Ente Autore: Fakulta hospodárskej informatiky EU. Katedra štatistiky
Altri autori: Gavuliak, Roman
Natura: Libro
Lingua:slovacco
Pubblicazione: Bratislava 2012
Tags: Aggiungi Tag
Nessun Tag, puoi essere il primo ad aggiungerne!!

MARC

LEADER 00000nbm a2200000 4500
001 0156156
005 20161109111941.8
041 0 |a slo 
044 |a SK 
245 1 0 |a Vzdelávanie v kontexte sociálnej inklúzie  |b bakalárska práca  |c Jana Šmahelová ; školiteľ: Roman Gavuliak 
264 1 |a Bratislava  |c 2012 
300 |a 53 s. 
100 1 |a Šmahelová, Jana 
700 1 |a Gavuliak, Roman 
710 2 |a Fakulta hospodárskej informatiky EU. Katedra štatistiky